000 00586nam a22001811a 4500
001 7506
003 OSt
005 20260204212134.0
008 071204s2007||||sp ||||||b||||||||||spa||
020 _a9788483223994
050 _a658.45 C739e 2007
245 _aLa comunicación empresarial y la gestión de los intangibles en España y Latinoamérica: informe anual / Justo Villafañe (Director)
264 _aEspaña : Pearson Educación
300 _a263 p
650 _aComunicación - Empresas 2.Comunicación - Administración
710 _aVillafañe, JustoÌ
942 _2ddc
_cBK
999 _c7506
_d7506